000 01777nam0a2200385 4500
001 RU\NLR\BIBL_A\012576413
005 20220518144308.0
010 _a978-5-907334-21-2
_91000
021 _aRU
_bКН-П-21-022521
_9КН-П-21-1754
035 _a(NLR Aleph) 012576413
090 _a12507791
_c12507791
100 _a20210809d2021 m y0rusy50 ca
101 0 _arus
102 _aRU
105 _aach g 000yd
181 0 _ai3
_baxxe
182 0 _an
200 1 _aВоркута в годы Великой Отечественной войны 1941-1945
_f[редакционная коллегия: Климанов О.В. и др.]
203 _aТекст
_bвизуальный
_cнепосредственный
210 _aПермь
_cАстер Плюс
_d2021
215 _a173, [1] с.
_cил., портр., цв. ил., факс.
_d30
320 _aБиблиогр. в конце разд.
606 1 _aВеликая Отечественная война
_yВоркута, город (Коми, Республика)
_z1941 - 1945
_92490269
_3RU\NLR\AUTH\6601693769
606 1 _aВойна и экономика
_yСССР
_z1941 - 1945
_92491328
_3RU\NLR\AUTH\6601694280
606 1 _aКаменноугольная промышленность
_xИстория
_yПечорский угольный бассейн
_92169311
_3RU\NLR\AUTH\6601541664
686 1 _aТ3(2Р-6Ко-2Во)722,02
686 1 _aТ3(2)722.9-9(2Р-6Ко-2Во)
686 1 _aУ9(2)-981.292(2Р-6Ко-2Во)
686 1 _aУ30(2)565.1-03
686 1 _aЦ35(2)722(2Р-6Ко-2Во)
702 1 _aКлиманов
_bО. В.
_gОлег Владимирович
_4340
942 _cBOOK
980 _aNB